00579 2200217 4500001002100000005001700021008004100038035002400079082001100103090001800114100002000132245005200152260004800204300002500252650001800277650001500295850001600310980001300326985000600339999001600345YOGYA-0209000001752920090227022753.0 ind  0010-020900000017529 a621.43 a621.43bCon G aCONSTANT, Hayne aGas turbines and their problemscHayne Constant aLondonbTodd Publishing Group Limitedc1953 a160 hlmbilusc22 cm aTurbine - Gas aGas turbin aYOPDYOG (B) a30-01-06 a1 aa0000005876